|
|
|
|
| LEADER |
00000nam a2200000 a 4500 |
| 001 |
UCQ3740 |
| 003 |
CL-VaPUC |
| 008 |
980828e19560000AG |||||||||||||||||spa|d |
| 082 |
0 |
4 |
|a 822
|b OCA
|2 21
|
| 100 |
|
|
|a O'Casey, Sean
|e autor
|9 417986
|
| 245 |
1 |
0 |
|a Juno y el pavo real: tragedia en tres actos
|
| 300 |
|
|
|a 78 p
|
| 942 |
|
|
|c BK
|
| 945 |
|
|
|d 19980828 00:00:00
|a crobeson
|
| 260 |
|
|
|a Buenos Aires
|b Ariadna
|c 1956
|
| 650 |
|
7 |
|a DRAMAS IRLANDESES
|2 CL-VaPUC
|9 417987
|
| 650 |
|
0 |
|a Literatura irlandesa
|9 349943
|
| 583 |
|
|
|a last modification
|c 19980828 00:00:00
|k Rodrigo Vera
|
| 999 |
|
|
|c 274256
|d 274254
|
| 952 |
|
|
|0 0
|1 0
|4 0
|6 822_000000000000000_OCA_1956
|7 0
|8 A
|9 310388
|a BIBEDU
|b BIBEDU
|d 2019-11-20
|i 1457721
|o 822 OCA 1956
|p 1457721
|r 2019-11-20
|w 2019-11-20
|y BK
|k LIT
|